000 00690nam a2200217 a 4500
999 _c4086
_d4086
001 4086
003 BD-JhCC
005 20180327081334.0
008 171122s bg |||| ||a| 000 0 ben d
035 _a(BD-JhCC) 4086
040 _aBD-JhCC
_dBD-JhCC
041 _aben
082 _a891.4415
_bKAZ
245 _aকাজী নজরুল ইসলামের -চক্রবাক /
_cসৈয়দ আকরাম হোসেন সম্পাদনায়
260 _aঢাকা :
_bপুস্তকঘর,
300 _a50 p .:
_c22 cm .
650 _aBengali Poem
700 _aহোসেন, সৈয়দ আকরাম
942 _2ddc
_cBK